000 00609nam a22002177a 4500
003 UA-OsUOA
001 44151
007 ta
008 20070208b un ||||| |||| 00| 0 ukr d
100 _aКульчицький С.
090 _a94(477)
_bК-11
942 _cSA
040 _aUA-OsUOA
_bukr
_cUA-OsUOA
_dUA-OsUOA
245 _aГолодомор 1932-1933 рр. як геноцид: прогалини у доказовій базі
300 _aС.4
955 _a0
041 _aukr
080 _a94(477)
773 0 _w44150
650 7 _a9 Географія. Біографії. Історія
_2UDC
999 _c330267
_d330267